000 01261nam a2200229Ia 4500
003 Ost
005 20260507075457.0
008 260507s9999||||xx |||||||||||||| ||und||
040 _cfsecg
041 _aara
082 _a338.72
100 _aعبوي، زيد منير
_eمؤلف
245 0 _aالخصخصة في الادارة العامة بين النظرية والتطبيق /
_c زيد منير عبوي
260 _aعمان:
_bدار دجلة,
_c2006
300 _a173 صفحة؛
_bإيضاحات ؛
_c24 سم
504 _aبيبليوغرافيا ص. 163
520 _aالاطار العام للخصصخة ، تهيئة المناخ المناسب لتنفيذ برامج الخصخصة ، الخصخصة ، الخصخصة ومشكلة البطالة ، التخاصية في الأردن ، برنامج التخاصية الأردنية تطور الاطار التشريعي والمؤسسي لعملية الخصخصة في الأردن ، الأثار الأولية للتخاصية على المتغيرات الكلية والجزئية الاقتصادية والاجتماعية في الأردن
653 _aالإدارة العامة
653 _aالخوصصة
653 _aالقطاع الخاص
942 _cكتاب
999 _c44679
_d44679